000
00287nam a22001217a 4500
999
_c
532985
_d
532985
040
_c
DLC
082
_a
891.4393
_b
MAN
100
_a
Manto, Sadat Hassan
_9
23903
245
_a
Maae Jantay /
260
_a
Lahore:
_b
Sang-e-Meal Publications,
_c
2009.
300
_a
190 p, :
942
_2
ddc
_c
BK